| 000 | 00000nam 2200000zi 4500 |
| 001 | 9.945552 |
| 003 | CaOODSP |
| 005 | 20241125160716 |
| 006 | m o d f |
| 007 | cr mn||||||||| |
| 008 | 241125e199509##oncd ob f000 0 fre d |
| 040 | |aCaOODSP|bfre|erda|cCaOODSP |
| 043 | |an-cn--- |
| 086 | 1 |aE2-161/1995F-PDF |
| 110 | 1 |aCanada. |bMinistère des affaires étrangères et du commerce international, |eauteur.|eorganisme de publication. |
| 245 | 14|aLes opérations de paix de l'ONU : |bvers une capacité de réaction rapide. |
| 264 | 1|a[Ottawa] : |bGouvernement du Canada = Government of Canada, |cseptembre 1995. |
| 300 | |a1 ressource en ligne (86 pages) : |bgraphiques |
| 336 | |atexte|btxt|2rdacontent/fre |
| 337 | |ainformatique|bc|2rdamedia/fre |
| 338 | |aressource en ligne|bcr|2rdacarrier/fre |
| 500 | |aÉdition numérisée de l'imprimée [par Direction des publications du gouvernement du Canada]. |
| 500 | |a« Rapport du Gouvernement du Canada. » |
| 500 | |aPublié aussi en anglais sous le titre : Towards a rapid reaction capability for the United Nations. |
| 504 | |aComprend des références bibliographiques (pages 84-86). |
| 650 | 6|aRelations internationales. |
| 650 | 6|aCoopération internationale. |
| 651 | 6|aCanada|xRelations extérieures. |
| 775 | 08|tTowards a rapid reaction capability for the United Nations.|w(CaOODSP)9.945548 |
| 776 | 0#|tLes opérations de paix de l'ONU: vers une capacité de réaction rapide : |w(CaOODSP)9.658016 |
| 856 | 40|qPDF|s8.64 Mo|uhttps://publications.gc.ca/collections/collection_2024/amc-gac/E2-161-1995-fra.pdf |